Normal view
MARC view
- Introductions to Robotics
Entry Topical Term
001 - CONTROL NUMBER
- control field: 124713
003 - CONTROL NUMBER IDENTIFIER
- control field: NUST
005 - DATE AND TIME OF LATEST TRANSACTION
- control field: 20240722122655.0
008 - FIXED-LENGTH DATA ELEMENTS
- fixed length control field: 240722|| aca||aabn | a|a d
040 ## - CATALOGING SOURCE
- Original cataloging agency: NUST
- Transcribing agency: NUST
150 ## - HEADING--TOPICAL TERM
- Topical term or geographic name entry element: Introductions to Robotics
670 ## - SOURCE DATA FOUND
- Source citation: Work cat.: (NUST): john J. Craig 124585, Introductions to Robotics, 2009.
